Taking charge : (Record no. 184339)

000 -LEADER
fixed length control field 01028 a2200181 4500
003 - CONTROL NUMBER IDENTIFIER
control field NUST
005 - DATE AND TIME OF LATEST TRANSACTION
control field 20221213165417.0
040 ## - CATALOGING SOURCE
Transcribing agency Nust
082 ## - DEWEY DECIMAL CLASSIFICATION NUMBER
Classification number 303.34,SMI
100 ## - MAIN ENTRY--PERSONAL NAME
Personal name Smith, Perry M.
9 (RLIN) 50896
245 ## - TITLE STATEMENT
Title Taking charge :
Remainder of title a practical guide for leaders /
Statement of responsibility, etc. Perry M. Smith
260 ## - PUBLICATION, DISTRIBUTION, ETC.
Place of publication, distribution, etc. Washington
Name of publisher, distributor, etc. D.C. : National Defense University Press
Date of publication, distribution, etc. 1986
300 ## - PHYSICAL DESCRIPTION
Extent 261,p .:
505 ## - FORMATTED CONTENTS NOTE
Formatted contents note Introduction (Page-xv), Leading (Page-1), Taking Over (Page-11), Hiring (Page-21), Coundelling Subordinates (Page-27), Firing (Page-35), Leading in Crises (Page-41), Dealing with the Down Side (Page-47), Decentralizing and Getting Feedback (Page-61), Looking at Yourself (Page-85), Dealing at Yourself (Page-85), Creating a Stragegic Vision (Page-109), Leading Internatinal Organizations (Page-117), Establishing Standards (Page-121), Organizing Priorities (Page-133), Taking Care of your People (Page-147), Wrapping Up (Page-165).
600 ## - SUBJECT ADDED ENTRY--PERSONAL NAME
Personal name Perry M. Smith
9 (RLIN) 325
650 ## - SUBJECT ADDED ENTRY--TOPICAL TERM
Topical term or geographic name entry element leader ship
9 (RLIN) 104762
942 ## - ADDED ENTRY ELEMENTS (KOHA)
Source of classification or shelving scheme
Koha item type Book
Call number prefix 303.3,SMI
Holdings
Withdrawn status Lost status Source of classification or shelving scheme Damaged status Not for loan Permanent Location Current Location Shelving location Date acquired Full call number Barcode Date last seen Price effective from Koha item type Public note
          Military College of Signals (MCS) Military College of Signals (MCS) General Stacks 12/12/2016 303.34,SMI MCS32861 12/08/2016 12/12/2016 Book Almirah No.49, Shelf No.1
© 2023 Central Library, National University of Sciences and Technology. All Rights Reserved.